| 000 | 00741nam a2200229 a 4500 | ||
|---|---|---|---|
| 001 | BRCA_955 | ||
| 005 | 20190320203225.0 | ||
| 008 | 950323s1994 mx-a---##b---#000-0#spa-# | ||
| 020 | _a968700942X | ||
| 040 |
_aDLC _cDLC |
||
| 050 | 4 |
_aHD1471.M4 _b.R46 1994 |
|
| 100 | 1 |
_aRendón Garcini, Ricardo _93161 |
|
| 245 | 1 | 0 |
_aHaciendas de México _ctexto Ricardo Rendón Garcini ; fotografía Jorge Contreras. |
| 260 |
_aMéxico _bBanamex-Accival _c1994 |
||
| 300 |
_a382 p. _bil. a color _c33 cm. |
||
| 500 | _aIncluye índice de ilustraciones | ||
| 504 | _aBibliografía: p. 375 | ||
| 650 | 1 | 4 |
_aHaciendas _xHistoria _zMéxico _9276 |
| 650 | 1 | 4 |
_aHaciendas _xTrabajos Ilustrados _zMéxico _93162 |
| 700 | 1 |
_aContreras, Jorge _93163 |
|
| 942 |
_2lcc _cB |
||
| 999 |
_c843 _d843 |
||